Регионална библиотека "Любен Каравелов" - Русе

Deutsche Poetik (Запис номер 343580)

MARC детайли
000 -Лидер
Контролно поле с фиксирана дължина 01199nam a2200277 c 4500
003 - Код на организацията, давaща контролен номер
Контролно поле BLK
005 - Дата и час на последна редакция
Контролно поле 20200422085626.0
008 - Елементи от данни с фиксирана дължина
fixed length control field 180911b bul|||||r ||||||| ||bul||
010 ## - Наследен системен номер
LC control number 003241
040 ## - Източник на каталожния запис
Идентификатор на билиотеката - собственик на записа BLK
041 ## - Код за език
Код за езика на текст/звукозапис или на отделно заглавие Немски
Код за езика КДБФ Български
080 ## - УДК
УДК - код + определител 830.09
100 1# - Редна дума - Автор
Автор HEINZE, Paul et al.
Авторска отговорност първи автор
R(LIN) 12690
245 00 - Сведения за заглавието
Заглавие Deutsche Poetik
246 ## - Различни форми на заглавието
Паралелно заглавие Umrik der Lehre vom Wesen und von den Formen der Dichtkunst
260 ## - Област на издателските данни
Място на издаване, разпространение и проч. Dresden-Strieten
Име на издателя, разпространителя и проч. Paul Heinze`s Verlag
Година на издаване 1891
300 ## - Физическа характеристика
Страници 160 с
Размери/Мащаб 21 см
380 ## - Жанр
Жанр Литературознание
490 ## - СЕРИИ (Колекции)
Име на серия Частна колекция - Академик Михаил Арнаудов
Бележки за серията Дарение - Основен фонд
500 ## - Общи забележки
Забележка Датиране на книгата : Andreai D. Protitsch 19. I. 97. Dresden.Книгата е поставена в плик, върху който има бележки за заглавия на издания, в които е публикувал М. Арнаудов;
655 ## - Ключова дума – жанр/разновидност
Данни за жанр/разновидност или ключова дума за фокус Литературознание
700 1# - Други автори (авторска отговорност)
Лично име Paul Heinze и Rudolf Goette
9 (RLIN) 399396
852 ## - Местоположение
Форматна сигнатура МА 2981
Фондова буква Фонд "Михаил Арнаудов"
999 ## - СИСТЕМНИ КОНТРОЛНИ НОМЕРА
Koha biblionumber 343580
Koha biblioitemnumber 343580
942 ## - АРТИКУЛИ
Вид на библиотечния материал Книги
Скрит в OPAC Не
Периодичен библиозапис Да
944 ## - СЪЗДАВАНЕ И РЕДАКЦИЯ на ЗАПИСА
Създаване/Редакция Създаване
Дата на регистрацията/редакция 1994
999 ## - СИСТЕМНИ КОНТРОЛНИ НОМЕРА
Koha biblioitemnumber 343580
999 ## - СИСТЕМНИ КОНТРОЛНИ НОМЕРА
Koha biblioitemnumber 343580
Наличности
Код за отписване Код за изгубен артикул Източник на класификационната схема Код за повреда Коз за рестрикции Код за отдаване Артикулен № Име на библиотеката - собственик Име на библиотеката, в която се намира в момента Статус (Текущо местоположение) Местоположение - отдел Цена в лева Номерация (Хронология) Инвентарен номер Систематично азбучна сигнатура Баркод Номер на екземпляра Цена в евро Служебен тип на артикула
  Не е изгубен Universal Decimal Classification Не е повреден без рестрикции Специални фондове ( старопечатни, редки и ценни, фонд М. Арнаудов) 743834 Регионална библиотека "Любен Каравелов" Русе Регионална библиотека "Любен Каравелов" Русе Фонд "Михаил Арнаудов" Фонд "Михаил Арнаудов" 20.00   588954 МА 2981 120000588954 1 10.23 Книги
Vip Innovations Ltd, Rousse, Bulgaria 2025